Abeceda personalisty 2024

Saved in:
Bibliographic Details
Main Author: Brůha, Dominik
Other Authors: Bukovjan, Petr, Roučková, Dana
Format: Book
Language:Czech
Published: Olomouc Nakladatelství ANAG 2024
Edition:14. aktualizované vydání
Subjects:
Tags: Add Tag
No Tags, Be the first to tag this record!

MARC

LEADER 00000nam a2200000 4500
001 0305193
005 20250102111206.9
020 |a 978-80-7554-408-7 
041 0 |a cze 
044 |a CZ 
245 1 0 |a Abeceda personalisty 2024  |c Dominik Brůha ... [et al.] 
250 |a 14. aktualizované vydání 
264 1 |a Olomouc  |b Nakladatelství ANAG  |c 2024 
300 |a 598 s. 
610 2 0 |a manažment personálny 
610 2 0 |a riadenie ľudských zdrojov 
610 2 0 |a odmeňovanie 
610 2 0 |a benefity 
610 2 0 |a ochrana údajov osobných 
610 2 0 |a bezpečnosť práce 
610 2 0 |a odbory 
100 1 |a Brůha, Dominik 
700 1 |a Bukovjan, Petr 
700 1 |a Roučková, Dana